Country Names with letters of long Caribbean Country Names - Statistics

General Stats
  • This quiz has been taken 67 times
  • The average score is 24 of 38
Answer Stats
ANSWER % Correct
Dominica
87%
Togo
87%
India
84%
India
84%
India
84%
Iran
80%
Iran
80%
Iran
80%
Iran
80%
Peru
80%
Mali
78%
China
76%
Tonga
76%
Benin
71%
Chad
69%
Cuba
69%
Grenada
69%
Oman
69%
Canada
67%
Brunei
62%
Gabon
58%
Greece
58%
Nauru
58%
Haiti
56%
Ghana
53%
Ireland
53%
Niger
53%
Nigeria
53%
Iceland
49%
Uganda
47%
Nepal
44%
Poland
44%
Burma
42%
Burundi
40%
Ecuador
38%
Lebanon
38%
Liberia
38%
Argentina
36%
No matching quizzes found
Score Distribution
Percent of People with Each Score
Percentile by Number Answered
Your Score History
You have not taken this quiz